Podrobná bibliografia
Personálne heslo: Berzevici, Albert, 1853-1936
Médium:Regionálne osobnosti
Bližší popis: Narodený 7. 6. 1853 Brezovica, zomrel 22. 3. 1936 Budapešť, Maďarsko. Politik (ministerský radca, poslanec), pedagóg, vedec, historik, historik umenia
Poznámka: JUDr., PhDr.
Zdroj: 1. Balogh, Jenő 1. Berzeviczy Albert emlékezete : írta a Magyar Tudományos akadémiának 1938-évi január 13-án tartott rendkívüli... 1. Budapest : [s.n.], 1938. - 39 s.
2. Berzeviczy, Albert 2. MÉL. I. S. 199-200
3. Kopčáková, Slávka 3. Rukopisné hudobniny a tlače ako súčasť rodovej knižnice rodiny Berzeviczy vo fonde Štátneho archívu Prešov 3. In Z dejín knižnej kultúry východného Slovenska II. Prešov : Štátna vedecká knižnica, 2011. S. 85-95
4. Žumárová, Jana 4. Rekonštrukcia historickej rodovej knižnice Berzeviciovcov vo fonde Štátneho archívu Prešov 4. In Z dejín knižnej kultúry východného Slovenska I. Prešov : Štátna vedecká knižnica, 2009. S. 110 -119
LEADER 01797nz a2200589n 4500
001 000058113
003 SVKKK
005 20120217153258.0
008 060215|n|annnnaabn | a|c
FMT
040 |a SVKKK  |b slo  |e AACR2 
080 |a 32-051 
080 |a 323.113 
080 |a 328 
080 |a 7.03 
080 |a 929.522 
080 |a 93/99 
100 1 |a Berzevici, Albert,  |d 1853-1936 
400 1 |a Berzeviczy, Albert  |d 1853-1936 
678 0 |a Narodený 7. 6. 1853 Brezovica, zomrel 22. 3. 1936 Budapešť, Maďarsko. Politik (ministerský radca, poslanec), pedagóg, vedec, historik, historik umenia 
680 |a JUDr., PhDr. 
909 |a SK 
971
972
973
975
976
977
978
979
981
981
981
981
981
993
993
993
993
993
993
994
994
994
994
994
995 |a Balogh, Jenő  |c Berzeviczy Albert emlékezete : írta a Magyar Tudományos akadémiának 1938-évi január 13-án tartott rendkívüli...  |d Budapest : [s.n.], 1938. - 39 s. 
995 |c Berzeviczy, Albert  |d MÉL. I. S. 199-200 
995 |a Kopčáková, Slávka  |c Rukopisné hudobniny a tlače ako súčasť rodovej knižnice rodiny Berzeviczy vo fonde Štátneho archívu Prešov  |d In Z dejín knižnej kultúry východného Slovenska II. Prešov : Štátna vedecká knižnica, 2011. S. 85-95 
995 |a Žumárová, Jana  |c Rekonštrukcia historickej rodovej knižnice Berzeviciovcov vo fonde Štátneho archívu Prešov  |d In Z dejín knižnej kultúry východného Slovenska I. Prešov : Štátna vedecká knižnica, 2009. S. 110 -119 
BAS
998 |a REOS